| 000 | 01227cam a2200337 i 4500 | ||
|---|---|---|---|
| 001 | 17916141 | ||
| 005 | 20170105102932.0 | ||
| 008 | 131024s2013 pk a b 000 0 eng | ||
| 010 | _a 2013359672 | ||
| 020 | _a9789699532023 | ||
| 025 | _aP-E-2013359672; 50; 04 | ||
| 037 |
_bLibrary of Congress -- Islamabad Overseas Office _cRs 2900 |
||
| 040 |
_aDLC _beng _cDLC _erda |
||
| 042 |
_alcode _apcc |
||
| 043 | _aa-pk--- | ||
| 050 | 0 | 0 |
_aBL1158.3 _b.S53 2013 |
| 100 | 1 |
_aShāh, Ṣafdar ʻAlī, _d1948- _eauthor. |
|
| 245 | 1 | 4 |
_aThe Hindu heritage of Pakistan / _cSafdar Ali Shah, Syed Javaid A. Kazi. |
| 300 |
_a121 pages : _bcolor illustrations ; _c33 cm |
||
| 504 | _aIncludes bibliographical references (page 121). | ||
| 650 | 0 |
_aHinduism _zPakistan |
|
| 650 | 0 |
_aHinduism _zPakistan _vPictorial works. |
|
| 650 | 0 |
_aHindu temples _zPakistan. |
|
| 650 | 0 |
_aHindu temples _zPakistan _vPictorial works. |
|
| 650 | 0 |
_aFasts and feasts _xHinduism. |
|
| 650 | 0 |
_aFasts and feasts _xHinduism _vPictorial works. |
|
| 700 | 1 |
_aKazi, Syed Javaid A., _eillustrator. |
|
| 906 |
_a7 _bcbc _corigode _d3 _encip _f20 _gy-gencatlg |
||
| 942 |
_2ddc _cBK |
||
| 999 |
_c16094 _d16094 |
||